000 01822cam a2200385 i 4500
001 18579011
003 OSt
005 20260413122553.0
008 150416s2016 enk b 001 0 eng
020 _a0789034182
_qpbk
020 _a9780789089034182
_qpbk.
035 _a18579011
035 _a(DNLM)101656286
040 _aDNLM/DLC
_beng
_cDLC
_erda
042 _apcc
050 0 0 _aHM1033
_b.U73 2007
060 1 0 _aHM 1033
082 0 0 _a302
_223
100 1 _aUrdang, Esther,
_eauthor.
245 1 0 _aHuman behavior in the social environment :
_binterweaving the inner and outer worlds /
_cEsther Urdang.
250 _a2 edition.
264 1 _aAbingdon, Oxon ;
_aNew York, NY :
_bRoutledge,
_c2007.
300 _axvii, 710 pages ;
_c25 cm
336 _atext
_2rdacontent
337 _aunmediated
_2rdamedia
338 _avolume
_2rdacarrier
504 _aIncludes bibliographical references and index.
505 0 _aPsychoanalytic and ego psychology theories -- Object relations, self psychology, and cognitive-behavioral theories -- Postmodern theories : constructivism, relational therapy, narrative therapy, and resilience -- Social systems and the community -- Culture and diversity -- The family : forms and organization -- The family : internal structures and special family problems -- Reproductive issues, infancy and early childhood development -- Middle childhood and adolescence -- Adult development -- Life transitions, turning points, crises and loss -- Illness and disability -- Mental health problems -- Psychosocial complexities of technological advances.
650 1 2 _aBehavior.
650 1 2 _aPsychology, Social.
650 2 2 _aPsychoanalytic Theory.
906 _a7
_bcbc
_corignew
_d1
_eecip
_f20
_gy-gencatlg
942 _2lcc
_cBK
999 _c266161
_d266160